[Event "XXXI Moglianoscacchi A"]
[Site "Mogliano Veneto ITA"]
[Date "2010.05.02"]
[Round "5"]
[White "Rogulj, Branko"]
[Black "Curtacci, Sergio"]
[Result "1-0"]
[WhiteElo "2431"]
[BlackElo "1997"]
[PlyCount "113"]
[EventDate "2010.04.30"]

1. e4 c5 2. Nc3 Nc6 3. g3 g6 4. Bg2 Bg7 5. d3 e6 6. Be3 d6 7. f4 Nge7 8. Nf3
Rb8 9. d4 d5 10. e5 Nf5 11. Bf2 cxd4 12. Nxd4 Nfxd4 13. Bxd4 Nxd4 14. Qxd4 Qb6
15. Qxb6 axb6 16. Nb5 Bd7 17. Nd4 b5 18. a3 f6 19. exf6 Bxf6 20. O-O-O Kf7 21.
Rhe1 Ra8 22. c3 Ra4 23. Nf3 Rc8 24. Bh3 Rc7 25. Kb1 h6 26. Ne5+ Bxe5 27. fxe5
Kg7 28. Rd2 Bc8 29. Bf1 Bd7 30. Rd4 Rc8 31. Bd3 Rf8 32. Rf1 Rxf1+ 33. Bxf1 h5
34. h4 Kh6 35. Rf4 Re4 36. Rxe4 dxe4 37. Kc2 g5 38. Kd2 Kg6 39. Ke3 Kf5 40.
hxg5 Kxe5 41. g6 Kf6 42. Kxe4 Bc6+ 43. Kd4 e5+ 44. Kc5 Kxg6 45. Be2 Kg5 46. Kd6
e4 47. Ke5 h4 48. gxh4+ Kxh4 49. Kf4 Kh3 50. Bh5 Kg2 51. Bg6 Kf2 52. Bxe4 Bxe4
53. Kxe4 Ke2 54. Kd4 Kd2 55. Kc5 Kc2 56. Kxb5 Kxb2 57. Kb4 1-0

[Event "XXXI Moglianoscacchi A"]
[Site "Mogliano Veneto ITA"]
[Date "2010.05.02"]
[Round "5"]
[White "Sorbera, Giovanni"]
[Black "Xhani, Bujar"]
[Result "1-0"]
[WhiteElo "1974"]
[BlackElo "2058"]
[PlyCount "58"]
[EventDate "2010.04.30"]

1. e4 d6 2. d4 g6 3. Nc3 Bg7 4. f4 c6 5. Nf3 Bg4 6. Be2 Qc7 7. e5 Nd7 8. O-O f6
9. exd6 exd6 10. Ng5 Bf5 11. Nf3 d5 12. Re1 O-O-O 13. Be3 h5 14. Nh4 Nh6 15.
Bd3 Rhe8 16. Nxf5 gxf5 17. h3 Rxe3 18. Rxe3 Qxf4 19. Qf3 Qxd4 20. Kh1 Ne5 21.
Qg3 Bf8 22. Rf1 Bd6 23. Qf2 Bc5 24. Bxf5+ Kc7 25. Nd1 Qa4 26. Bd3 Nxd3 27. cxd3
Ng8 28. Qg3+ Bd6 29. Qf3 29... Qh4 {...} 1-0

[Event "C.to Regionale Sardegna"]
[Site "Sardara ITA"]
[Date "2010.04.17"]
[Round "1"]
[White "Caglio, Luigi"]
[Black "Toniolo, Massimo"]
[Result "1-0"]
[WhiteElo "2007"]
[BlackElo "1757"]
[PlyCount "77"]
[EventDate "2010.04.17"]

1. e4 c5 2. d4 cxd4 3. c3 dxc3 4. Nxc3 Nc6 5. Bc4 Nf6 6. Nf3 e6 7. Qe2 d6 8.
O-O Be7 9. Rd1 Qc7 10. Bf4 e5 11. Bg5 Be6 12. Rac1 a6 13. Bxf6 gxf6 14. Bd5 Qb8
15. Nh4 Nd4 16. Qh5 Kd7 17. Nf5 Qg8 18. Nxd4 exd4 19. Rxd4 Qg5 20. Qxg5 fxg5
21. Na4 Ke8 22. Bxb7 Rb8 23. Bxa6 Bxa2 24. Bc4 Bxc4 25. Rdxc4 Kd7 26. b4 Ke6
27. Nc3 Rhc8 28. Nd5 Rxc4 29. Rxc4 Bd8 30. f3 f5 31. Kf2 fxe4 32. fxe4 Ke5 33.
Kf3 h5 34. h3 Rb7 35. Rc8 Bb6 36. Rg8 Rf7+ 37. Ke2 Bg1 38. Kd3 Rf2 39. Re8# 1-0

[Event "C.to Regionale Sardegna"]
[Site "Sardara ITA"]
[Date "2010.04.17"]
[Round "1"]
[White "Cherchi, Marco"]
[Black "Murtas, Paolo"]
[Result "1-0"]
[WhiteElo "1807"]
[BlackElo "1443"]
[PlyCount "79"]
[EventDate "2010.04.17"]

1. e4 e6 2. d4 d5 3. Nd2 dxe4 4. Nxe4 Nd7 5. Nf3 Ngf6 6. Nxf6+ Nxf6 7. Bg5 Be7
8. Bd3 b6 9. Bxf6 Bxf6 10. Be4 Rb8 11. Ne5 Bxe5 12. dxe5 Qxd1+ 13. Rxd1 Bb7 14.
Bd3 O-O 15. O-O c5 16. Rd2 Rfd8 17. Rfd1 Kh8 18. Bc4 Rxd2 19. Rxd2 Bc6 20. Rd6
Be8 21. f4 g6 22. Kf2 Kg7 23. Ke3 Kf8 24. g4 Ke7 25. Rd2 Rd8 26. Bd3 Bc6 27. h4
b5 28. b3 a6 29. Rh2 h5 30. gxh5 gxh5 31. Rd2 Bd5 32. Be2 c4 33. bxc4 bxc4 34.
Rd4 Rc8 35. f5 Rc5 36. f6+ Kf8 37. c3 a5 38. Bxh5 Rb5 39. Be2 Rc5 40. h5 1-0

[Event "C.to Regionale Sardegna"]
[Site "Sardara ITA"]
[Date "2010.04.17"]
[Round "1"]
[White "Deruda, Leonardo"]
[Black "Peru, Mario"]
[Result "1-0"]
[WhiteElo "1876"]
[BlackElo "1659"]
[PlyCount "105"]
[EventDate "2010.04.17"]

1. Nf3 Nf6 2. g3 g6 3. Bg2 Bg7 4. O-O c5 5. c4 O-O 6. Nc3 d5 7. cxd5 Nxd5 8. d3
Nc6 9. Nxd5 Qxd5 10. a3 Qd8 11. Rb1 Qb6 12. Be3 Nd4 13. b4 Nxf3+ 14. Bxf3 Bd4
15. bxc5 Qxc5 16. Bxd4 Qxd4 17. Bxb7 Rb8 18. Bg2 Be6 19. Qd2 Rfc8 20. Rfc1 Qa4
21. Rxc8+ Rxc8 22. Qb4 Qc2 23. Bf3 a5 24. Qb2 a4 25. Kg2 Bb3 26. Be4 e6 27. h4
Qxb2 28. Rxb2 Rc1 29. h5 Ra1 30. h6 Rxa3 31. Bc6 Ra2 32. Rxa2 Bxa2 33. Bxa4 Kf8
34. Kf3 f6 35. g4 g5 36. Bc2 e5 37. Ke4 Ke7 38. d4 Bf7 39. Ke3 exd4+ 40. Kxd4
Bg8 41. Bd3 Kd6 42. e3 Kd7 43. Kc5 Kc7 44. Bf5 Kd8 45. Kd6 Ke8 46. Be6 Bf7 47.
Bd7+ Kf8 48. Bf5 Bg8 49. Kd7 Bd5 50. Bxh7 Bf3 51. Bf5 Kf7 52. h7 Kg7 53. Ke7
1-0

[Event "C.to Regionale Sardegna"]
[Site "Sardara ITA"]
[Date "2010.04.17"]
[Round "1"]
[White "Dessy, Eugenio"]
[Black "Zuccarelli, Angelo"]
[Result "0-1"]
[WhiteElo "1661"]
[BlackElo "1910"]
[PlyCount "56"]
[EventDate "2010.04.17"]

1. e4 e5 2. Nf3 Nc6 3. Bb5 a6 4. Ba4 Nf6 5. d3 b5 6. Bb3 Be7 7. c3 d6 8. h3 Na5
9. Bc2 c5 10. a4 Bb7 11. O-O O-O 12. Re1 Qc7 13. Nbd2 Nc6 14. Nf1 Rfe8 15. Ng3
g6 16. Bb3 Na5 17. Ba2 c4 18. axb5 axb5 19. d4 Nb3 20. dxe5 dxe5 21. Bxb3 Rxa1
22. Bc2 b4 23. cxb4 Bxb4 24. Rf1 Ba6 25. Ba4 Rd8 26. Qc2 Qa5 27. Bc6 c3 28. Ne2
Bd3 0-1

[Event "C.to Regionale Sardegna"]
[Site "Sardara ITA"]
[Date "2010.04.17"]
[Round "1"]
[White "Lai, Michele"]
[Black "Palmieri, Roberto"]
[Result "1-0"]
[WhiteElo "1536"]
[BlackElo "1868"]
[PlyCount "81"]
[EventDate "2010.04.17"]

1. e4 c5 2. Nf3 d6 3. d4 cxd4 4. Nxd4 Nf6 5. Nc3 a6 6. Be2 e6 7. O-O Be7 8. Qd3
Nc6 9. Rd1 Nb4 10. Qd2 O-O 11. a3 Nc6 12. Qe3 Qc7 13. Qg3 Rd8 14. Bh6 Bf8 15.
Be3 b5 16. f4 Bb7 17. Bf3 Rab8 18. Qf2 Ba8 19. Rd3 Nxd4 20. Bxd4 e5 21. Be3 Qc4
22. b3 Qc6 23. Nd5 Nxd5 24. exd5 Qe8 25. Bg4 Rb7 26. Bb6 Rdb8 27. Ba5 g6 28. f5
Be7 29. f6 Bd8 30. Bxd8 Qxd8 31. Qh4 Kh8 32. Qh6 Qf8 33. Qh4 Rc7 34. c3 Rc5 35.
Rad1 Rb7 36. Rh3 Qg8 37. Rdd3 Rbc7 38. Qg5 e4 39. Rxh7+ Qxh7 40. Rh3 Qxh3 41.
gxh3 1-0

[Event "C.to Regionale Sardegna"]
[Site "Sardara ITA"]
[Date "2010.04.17"]
[Round "1"]
[White "Locci, Damiano"]
[Black "Mallo', Danilo"]
[Result "1-0"]
[WhiteElo "2130"]
[BlackElo "1797"]
[PlyCount "63"]
[EventDate "2010.04.17"]

1. c4 Nf6 2. Nc3 g6 3. e4 d6 4. d4 Bg7 5. Nf3 O-O 6. Be2 e5 7. O-O Nc6 8. d5
Ne7 9. Bg5 Nh5 10. Ne1 Nf4 11. Bxf4 exf4 12. Nd3 g5 13. c5 f5 14. cxd6 Qxd6 15.
e5 Qh6 16. Qb3 Kh8 17. Qc4 c6 18. d6 Be6 19. Qb4 Ng6 20. Rfe1 f3 21. Bxf3 g4
22. Bd1 Nh4 23. Bb3 Rae8 24. Bxe6 Rxe6 25. Qd4 Nf3+ 26. gxf3 gxf3 27. Kh1 Qh3
28. Nf4 Qh6 29. Nxe6 Qxe6 30. Qf4 Bh6 31. Qxf3 Bg5 32. Ne4 1-0

[Event "C.to Regionale Sardegna"]
[Site "Sardara ITA"]
[Date "2010.04.17"]
[Round "1"]
[White "Maldarelli, Lorenzo"]
[Black "Ibba, Isacco"]
[Result "0-1"]
[WhiteElo "1800"]
[BlackElo "2204"]
[PlyCount "126"]
[EventDate "2010.04.17"]

1. d4 d5 2. Nf3 e6 3. c4 c6 4. Nc3 Nf6 5. e3 Nbd7 6. Bd3 dxc4 7. Bxc4 b5 8. Bd3
a6 9. O-O Bb7 10. Qe2 Rc8 11. Rd1 Qb6 12. e4 c5 13. d5 c4 14. Bc2 Bc5 15. h3
O-O 16. Bg5 exd5 17. Nxd5 Nxd5 18. exd5 Rfe8 19. Qd2 Ne5 20. Nxe5 Rxe5 21. Qf4
f6 22. Qh4 Bxf2+ 23. Qxf2 Qxf2+ 24. Kxf2 fxg5 25. Rd2 Bxd5 26. Rad1 Rf8+ 27.
Kg1 Be6 28. Rd6 g4 29. Rd8 g6 30. hxg4 Bxg4 31. R1d2 a5 32. R8d6 Bf5 33. Bxf5
Rfxf5 34. Ra6 b4 35. Ra7 Rf7 36. Ra8+ Kg7 37. Rc8 Re1+ 38. Kh2 Rc1 39. Rc5 Ra7
40. a3 c3 41. bxc3 Rxc3 42. axb4 axb4 43. Rb5 Rb3 44. Rd4 Ra4 45. Rb7+ Kh6 46.
Rdd7 Rb2 47. Rxh7+ Kg5 48. Rb5+ Kf6 49. Rh3 Ra3 50. Rb6+ Kf5 51. Rh6 g5 52.
Rhf6+ Ke5 53. Rg6 Kf4 54. Rgf6+ Kg4 55. Rbc6 Raa2 56. Rc4+ Kh5 57. Kh1 Ra1+ 58.
Kh2 Raa2 59. Kh1 b3 60. g4+ Kh4 61. Kg1 Rb1+ 62. Rf1 Rxf1+ 63. Kxf1 b2 0-1

[Event "C.to Regionale Sardegna"]
[Site "Sardara ITA"]
[Date "2010.04.17"]
[Round "1"]
[White "Massa, Gianluca"]
[Black "Loriga, Pierpaolo"]
[Result "0-1"]
[WhiteElo "1709"]
[BlackElo "1964"]
[PlyCount "80"]
[EventDate "2010.04.17"]

1. d4 d5 2. c4 e6 3. Nc3 Nf6 4. cxd5 exd5 5. Bg5 c6 6. e3 Be7 7. Bd3 a6 8. Nge2
Nbd7 9. Qc2 h6 10. Bxf6 Nxf6 11. O-O O-O 12. f3 Bd7 13. Kh1 Qb6 14. Rad1 Rac8
15. Qb1 c5 16. Bf5 Rcd8 17. Bxd7 Rxd7 18. dxc5 Bxc5 19. Na4 Qa5 20. Nxc5 Qxc5
21. Nd4 Re8 22. Rfe1 Qb6 23. b4 Rc7 24. e4 dxe4 25. fxe4 Rc4 26. Nf5 Rxb4 27.
Qc2 Rb2 28. Qc4 Qf2 29. Rg1 Ng4 30. Rdf1 Qb6 31. Qc3 f6 32. h3 Nf2+ 33. Kh2
Nxe4 34. Qc4+ Qe6 35. Qc7 Qe5+ 36. Qxe5 Rxe5 37. a3 Rc5 38. Nh4 Rc3 39. Re1 Ng5
40. Kh1 Nxh3 0-1

[Event "C.to Regionale Sardegna"]
[Site "Sardara ITA"]
[Date "2010.04.17"]
[Round "1"]
[White "Mulas, Gianmarco"]
[Black "Erriu, Giampiero"]
[Result "1-0"]
[WhiteElo "2077"]
[BlackElo "1777"]
[PlyCount "49"]
[EventDate "2010.04.17"]

1. c4 Nf6 2. Nc3 e6 3. e4 d5 4. e5 Nfd7 5. cxd5 Nxe5 6. d4 Ng6 7. dxe6 Bxe6 8.
d5 Bd7 9. Qb3 Na6 10. Bxa6 bxa6 11. Be3 Rb8 12. Qc2 Bd6 13. Nf3 O-O 14. O-O Re8
15. Rfe1 Ne5 16. Ng5 Ng6 17. h4 Rb4 18. h5 Rxe3 19. Rxe3 Qxg5 20. hxg6 hxg6 21.
Ne4 Qe5 22. Nxd6 Qxd6 23. Rc1 Rh4 24. Qxc7 Qxd5 25. Qd8+ 1-0

[Event "C.to Regionale Sardegna"]
[Site "Sardara ITA"]
[Date "2010.04.17"]
[Round "1"]
[White "Murgia, Elio"]
[Black "Altea, Giovanni"]
[Result "0-1"]
[WhiteElo "1503"]
[BlackElo "1839"]
[PlyCount "60"]
[EventDate "2010.04.17"]

1. d4 Nf6 2. c4 Nc6 3. Nc3 e5 4. d5 Ne7 5. Bg5 Ng6 6. e3 h6 7. Bxf6 Qxf6 8. g3
Bc5 9. Ne4 Bb4+ 10. Ke2 Qd8 11. a3 Be7 12. Bg2 f5 13. Kf1 O-O 14. d6 cxd6 15.
Nxd6 Bxd6 16. Qxd6 Rf6 17. Bd5+ Kh7 18. Qb4 a5 19. Qc3 Qc7 20. h4 Ne7 21. Nf3
d6 22. Ng5+ Kh8 23. Nf7+ Kg8 24. Ng5+ Nxd5 25. Qb3 hxg5 26. hxg5 Rg6 27. Rd1
Nb6 28. Kg1 Be6 29. f4 Nxc4 30. Qc2 Qb6 0-1

[Event "C.to Regionale Sardegna"]
[Site "Sardara ITA"]
[Date "2010.04.17"]
[Round "1"]
[White "Murtas, Gianvito"]
[Black "Puzzoni, Christian"]
[Result "1-0"]
[WhiteElo "1781"]
[BlackElo "2112"]
[PlyCount "79"]
[EventDate "2010.04.17"]

1. e4 e5 2. Nc3 Bc5 3. Bc4 Nf6 4. d3 h6 5. Nge2 c6 6. Be3 Bxe3 7. fxe3 Qb6 8.
Qd2 d6 9. h3 Be6 10. Bxe6 fxe6 11. O-O Nbd7 12. Na4 Qc7 13. Nac3 O-O-O 14. b4
g5 15. b5 c5 16. a4 g4 17. h4 d5 18. b6 Qxb6 19. Rab1 Qc6 20. Nb5 Kb8 21. Qa5
a6 22. Nbc3 d4 23. Rxf6 Nxf6 24. Rb6 Qc7 25. Qxa6 dxc3 26. Nxc3 Kc8 27. Qa7 Nd7
28. Rxe6 b6 29. Qa8+ Nb8 30. Nb5 Qb7 31. Na7+ Kc7 32. Re7+ Rd7 33. Rxd7+ Nxd7
34. Nb5+ Kc6 35. Qxh8 Qa6 36. Qxh6+ Kb7 37. Qd6 Nb8 38. Qc7+ Ka8 39. Qxe5 Qxa4
40. Qd5+ 1-0

[Event "C.to Regionale Sardegna"]
[Site "Sardara ITA"]
[Date "2010.04.17"]
[Round "1"]
[White "Palmas, Alessandro"]
[Black "Pannella, Antonello"]
[Result "1-0"]
[WhiteElo "1855"]
[BlackElo "1507"]
[PlyCount "67"]
[EventDate "2010.04.17"]

1. e4 e6 2. d4 d5 3. exd5 exd5 4. Nf3 Bg4 5. Be3 Be7 6. c4 Nf6 7. Nc3 Bb4 8. a3
Bxc3+ 9. bxc3 O-O 10. h3 Bh5 11. Qb3 Bxf3 12. gxf3 b6 13. Rg1 Re8 14. Kd2 Kh8
15. Bd3 Qd6 16. c5 Qe6 17. cxb6 axb6 18. Qc2 c6 19. Rge1 Qd6 20. Bg5 Nbd7 21.
Rxe8+ Rxe8 22. Be3 Qh2 23. Re1 Qxh3 24. Rg1 Qxf3 25. Be2 Qe4 26. Bd3 Qh4 27.
Rg3 Ne4+ 28. Bxe4 Qxe4 29. Qd1 Qe7 30. Qg4 g6 31. Rh3 Nf6 32. Qf4 Ne4+ 33. Ke1
Rg8 34. Rxh7+ 1-0

[Event "C.to Regionale Sardegna"]
[Site "Sardara ITA"]
[Date "2010.04.17"]
[Round "1"]
[White "Paulesu, Sebastiano"]
[Black "Marano, Daniele"]
[Result "1-0"]
[WhiteElo "1934"]
[BlackElo "1696"]
[PlyCount "147"]
[EventDate "2010.04.17"]

1. a3 e5 2. d4 exd4 3. Nf3 d5 4. Bg5 Be7 5. Bxe7 Nxe7 6. Qxd4 Nf5 7. Qd3 O-O 8.
Nc3 c6 9. g3 Na6 10. b4 Nc7 11. Bg2 Be6 12. O-O Qf6 13. e3 Nd6 14. Qd4 Qh6 15.
Qe5 Nce8 16. Qg5 Qg6 17. Qxg6 hxg6 18. Ne2 Nf6 19. Nfd4 Bd7 20. Nf4 a5 21. Nd3
Nc4 22. Nc5 Bc8 23. b5 cxb5 24. Nxb5 b6 25. Nb3 Rb8 26. Rfd1 Bf5 27. N3d4 Bg4
28. Rdc1 Rfe8 29. h3 Bd7 30. Nc7 Rec8 31. Nxd5 Nxd5 32. Bxd5 Bxh3 33. Nc6 Rb7
34. Bxc4 Rxc6 35. Bd5 Rbc7 36. Bxc6 Rxc6 37. a4 Bf5 38. c3 Be4 39. Ra2 Bf3 40.
Kf1 g5 41. Ke1 g4 42. c4 Rd6 43. Rd2 Rh6 44. Rd8+ Kh7 45. Rb8 Rd6 46. Rc8 Bc6
47. Ra1 Bf3 48. c5 Rh6 49. Kd2 bxc5 50. Kc3 Rh2 51. Ra2 Bd5 52. Rd2 Be6 53.
Rxc5 Rh1 54. Rxa5 Rc1+ 55. Kb4 Rc4+ 56. Kb5 Rc3 57. Ra7 Rb3+ 58. Kc6 Rb4 59. a5
Rc4+ 60. Kd6 Rc8 61. Rb2 Rd8+ 62. Kc5 Rc8+ 63. Kd4 Rc4+ 64. Kd3 Ra4 65. Kd2 Ra3
66. Rc2 Kg6 67. e4 Ra4 68. Kd3 Kf6 69. Rc3 Ra2 70. Ke3 g5 71. Ra6 Kg7 72. Rc7
Ra3+ 73. Kd4 Ra2 74. Rxe6 1-0

[Event "C.to Regionale Sardegna"]
[Site "Sardara ITA"]
[Date "2010.04.17"]
[Round "1"]
[White "Setzu, Francesco"]
[Black "Neri, Enzo"]
[Result "0-1"]
[WhiteElo "1760"]
[BlackElo "2059"]
[PlyCount "100"]
[EventDate "2010.04.17"]

1. d4 Nf6 2. Nf3 g6 3. c4 Bg7 4. Nc3 d5 5. e3 O-O 6. Be2 a6 7. O-O dxc4 8. Bxc4
b5 9. Bb3 Bb7 10. a3 e6 11. Qe2 Nbd7 12. Rd1 Nb6 13. e4 h6 14. e5 Nfd5 15. Nxd5
Nxd5 16. Ne1 Qh4 17. Bxd5 Bxd5 18. Be3 c5 19. Nf3 Qh5 20. Rd2 c4 21. Ne1 Qxe2
22. Rxe2 a5 23. Rc1 b4 24. Bd2 Rfb8 25. Nc2 Bf8 26. axb4 axb4 27. Ne3 Ra2 28.
Nxc4 Bxc4 29. Rxc4 Rxb2 30. Kf1 b3 31. Bc1 Rxe2 32. Kxe2 b2 33. Bxb2 Rxb2+ 34.
Kf3 Rb4 35. Rxb4 Bxb4 36. g4 g5 37. Ke4 Bd2 38. h3 Kf8 39. d5 exd5+ 40. Kxd5
Ke7 41. f3 Bc1 42. Ke4 Ke6 43. Kd4 Bb2+ 44. Ke4 Bxe5 45. Ke3 Kd5 46. Kd3 Bf4
47. Kc3 Be3 48. Kd3 Bc5 49. Kc3 Ke5 50. Kd3 Kf4 0-1

[Event "C.to Regionale Sardegna"]
[Site "Sardara ITA"]
[Date "2010.04.17"]
[Round "2"]
[White "Altea, Giovanni"]
[Black "Mulas, Gianmarco"]
[Result "0-1"]
[WhiteElo "1839"]
[BlackElo "2077"]
[PlyCount "44"]
[EventDate "2010.04.17"]

1. e4 e5 2. Nf3 d6 3. d4 Nf6 4. dxe5 Nxe4 5. Qd4 d5 6. Bb5+ c6 7. Be2 Bc5 8.
Qa4 Bxf2+ 9. Kf1 Nd7 10. Nbd2 Ndc5 11. Qa3 Qb6 12. b4 Nxd2+ 13. Nxd2 Ne6 14.
Nf3 O-O 15. Bd2 f6 16. exf6 Rxf6 17. Be1 Be3 18. Rd1 Nf4 19. Qc3 Bf5 20. a4
Nxe2 21. Kxe2 Re8 22. Kf1 Qa6+ 0-1

[Event "C.to Regionale Sardegna"]
[Site "Sardara ITA"]
[Date "2010.04.17"]
[Round "2"]
[White "Erriu, Giampiero"]
[Black "Dessy, Eugenio"]
[Result "0-1"]
[WhiteElo "1777"]
[BlackElo "1661"]
[PlyCount "110"]
[EventDate "2010.04.17"]

1. d4 Nf6 2. c4 g6 3. Nf3 Bg7 4. Nc3 O-O 5. e4 d6 6. Be2 e5 7. Bg5 exd4 8. Nxd4
c6 9. Qd2 Re8 10. Rd1 Na6 11. Nf3 Nc5 12. e5 Nfe4 13. Qe3 Qa5 14. O-O Nxg5 15.
Qxg5 dxe5 16. a3 Qc7 17. Qh4 Ne6 18. Ne4 Qe7 19. Qxe7 Rxe7 20. Rd2 Nd4 21. Rfd1
Bf5 22. Nd6 Nxe2+ 23. Rxe2 Rd8 24. Red2 Bg4 25. Ne4 Rxd2 26. Rxd2 Rd7 27. Rd6
Rxd6 28. Nxd6 b6 29. b4 h6 30. Nd2 Kf8 31. f3 Be6 32. Kf2 Ke7 33. c5 Kd7 34.
cxb6 axb6 35. N6c4 b5 36. Na5 f5 37. Nb7 Bd5 38. Nc5+ Kc7 39. h3 h5 40. Na6+
Kd6 41. Nc5 Bh6 42. Ke2 Bf4 43. g4 fxg4 44. fxg4 Bg2 45. gxh5 gxh5 46. h4 Kd5
47. Ndb3 Bg3 48. Nd2 Bxh4 49. Nf3 Bxf3+ 50. Kxf3 Be7 51. Ne4 Kc4 52. Ng3 h4 53.
Nf5 Bf6 54. Kg4 Kb3 55. Nxh4 Bxh4 0-1

[Event "C.to Regionale Sardegna"]
[Site "Sardara ITA"]
[Date "2010.04.17"]
[Round "2"]
[White "Galluzzi, Marco"]
[Black "Caglio, Luigi"]
[Result "0-1"]
[WhiteElo "1374"]
[BlackElo "2007"]
[PlyCount "124"]
[EventDate "2010.04.17"]

1. Nf3 Nf6 2. Nc3 Nc6 3. d4 e6 4. a3 d5 5. Bf4 a6 6. h3 Be7 7. Bd2 O-O 8. e3
Bd6 9. Bd3 Ne7 10. Qe2 c5 11. b3 b5 12. dxc5 Bxc5 13. b4 Bd6 14. e4 e5 15. exd5
Bb7 16. O-O Qc7 17. Be4 Nexd5 18. Qd3 Nxc3 19. Bxb7 e4 20. Qxc3 Qxb7 21. Ne1
Rfe8 22. Be3 Rac8 23. Qb2 Bb8 24. g3 Qd7 25. Kh2 Be5 26. Qb1 Nd5 27. Ng2 Bxa1
28. Qxa1 Nxe3 29. Nxe3 Qd2 30. Kg2 Qc3 31. Qc1 Red8 32. Rd1 g6 33. h4 Qf6 34.
Re1 Qf3+ 35. Kg1 Rd6 36. Rf1 Rcd8 37. c4 bxc4 38. Qxc4 Rd3 39. Qxa6 Rxe3 40.
fxe3 Qxg3+ 41. Kh1 Qxh4+ 42. Kg1 Qg3+ 43. Kh1 Qh3+ 44. Kg1 Qxe3+ 45. Rf2 Qg3+
46. Kf1 Rd1+ 47. Ke2 Qg4+ 48. Ke3 Rd3+ 49. Qxd3 exd3 50. Rd2 Qe6+ 51. Kd4 h5
52. Rxd3 h4 53. Re3 h3 54. b5 h2 55. Rxe6 fxe6 56. b6 h1=Q 57. Kc5 Qd5+ 58. Kb4
Kf7 59. a4 Ke7 60. a5 Kd7 61. a6 Qc6 62. b7 Kc7 0-1

[Event "C.to Regionale Sardegna"]
[Site "Sardara ITA"]
[Date "2010.04.17"]
[Round "2"]
[White "Loriga, Pierpaolo"]
[Black "Cherchi, Marco"]
[Result "1/2-1/2"]
[WhiteElo "1964"]
[BlackElo "1807"]
[PlyCount "100"]
[EventDate "2010.04.17"]

1. c4 c5 2. Nc3 Nc6 3. Nf3 Nf6 4. d4 cxd4 5. Nxd4 Qb6 6. Nxc6 Qxc6 7. Qd3 e6 8.
e4 Bb4 9. f3 d5 10. Bd2 Bxc3 11. Bxc3 dxe4 12. fxe4 Qxe4+ 13. Qxe4 Nxe4 14.
Bxg7 Rg8 15. Bd4 b6 16. Be2 Bb7 17. Bf3 O-O-O 18. O-O-O Nd6 19. b3 Bxf3 20.
gxf3 Nf5 21. Be5 Rxd1+ 22. Rxd1 Nh4 23. Rf1 Rg2 24. a3 Nf5 25. Kb1 Ne7 26. Rd1
Nc6 27. Bg3 Na5 28. Rd3 Nb7 29. b4 Re2 30. c5 bxc5 31. bxc5 Nd8 32. Rd6 Re3 33.
Kb2 Rxf3 34. c6 Rf5 35. a4 Rd5 36. c7 Nb7 37. Ra6 Ra5 38. Rxa5 Nxa5 39. Kc3 Nc6
40. Kc4 e5 41. Kd5 Kxc7 42. Bxe5+ Nxe5 43. Kxe5 Kd7 44. Kf6 Ke8 45. a5 a6 46.
h3 h6 47. h4 Kf8 48. Kf5 Kg7 49. h5 Kf8 50. Ke5 Ke7 1/2-1/2

[Event "C.to Regionale Sardegna"]
[Site "Sardara ITA"]
[Date "2010.04.17"]
[Round "2"]
[White "Mallo', Danilo"]
[Black "Palmieri, Roberto"]
[Result "1-0"]
[WhiteElo "1797"]
[BlackElo "1868"]
[PlyCount "89"]
[EventDate "2010.04.17"]

1. e4 c5 2. Nf3 d6 3. d4 cxd4 4. Nxd4 Nf6 5. Nc3 a6 6. Be2 e6 7. Be3 b5 8. a3
Bb7 9. f3 Be7 10. Qd2 O-O 11. O-O Nbd7 12. Nb3 Rc8 13. Na2 Qc7 14. Rfc1 Ne5 15.
Qe1 Ba8 16. Bd2 Nc4 17. Bc3 d5 18. Bxc4 bxc4 19. Nd2 a5 20. e5 Nd7 21. Bd4 Qc6
22. Nf1 Bd8 23. b4 cxb3 24. cxb3 Qb7 25. b4 Bb6 26. Qe3 Bxd4 27. Qxd4 axb4 28.
axb4 f6 29. f4 fxe5 30. fxe5 Rc4 31. Rxc4 dxc4 32. Qg4 Qb6+ 33. Kh1 Qf2 34. h3
Rf5 35. Rd1 Nxe5 36. Qg3 Qxa2 37. Ne3 Rf8 38. Qxe5 c3 39. Qxc3 h6 40. Rd2 Qa6
41. Qe5 Qc8 42. Kh2 Re8 43. b5 Qb7 44. Nf5 Qa7 45. b6 1-0

[Event "C.to Regionale Sardegna"]
[Site "Sardara ITA"]
[Date "2010.04.17"]
[Round "2"]
[White "Marano, Daniele"]
[Black "Massa, Gianluca"]
[Result "0-1"]
[WhiteElo "1696"]
[BlackElo "1709"]
[PlyCount "56"]
[EventDate "2010.04.17"]

1. e4 e6 2. d3 d5 3. Nd2 c5 4. Ngf3 Nc6 5. g3 dxe4 6. Nxe4 Nf6 7. Qe2 Be7 8.
Bg2 h6 9. O-O O-O 10. Be3 Nxe4 11. dxe4 e5 12. c3 Be6 13. Nd2 Qc7 14. f4 exf4
15. gxf4 f5 16. Bh3 Qd7 17. Rad1 fxe4 18. Nxe4 Qc8 19. Bg2 Bg4 20. Bf3 Bh3 21.
Rfe1 Bh4 22. Ng3 Re8 23. Bd5+ Kh8 24. Qh5 Bxg3 25. hxg3 Bg4 26. Qg6 Ne7 27. Qd3
Bxd1 28. Rxd1 Nxd5 0-1

[Event "C.to Regionale Sardegna"]
[Site "Sardara ITA"]
[Date "2010.04.17"]
[Round "2"]
[White "Murtas, Gianvito"]
[Black "Paulesu, Sebastiano"]
[Result "0-1"]
[WhiteElo "1781"]
[BlackElo "1934"]
[PlyCount "100"]
[EventDate "2010.04.17"]

1. e4 d5 2. exd5 Nf6 3. d4 Bg4 4. Be2 Bxe2 5. Nxe2 Qxd5 6. O-O Nc6 7. Nbc3 Qh5
8. Bf4 O-O-O 9. Bg3 e6 10. a4 Bd6 11. Nb5 Bxg3 12. Nxg3 Qxd1 13. Rfxd1 a6 14.
Ra3 axb5 15. axb5 Nb8 16. c4 c5 17. bxc6 Nxc6 18. Ne2 Kc7 19. f3 Ra8 20. Rb3
Rhd8 21. Nc3 Ra5 22. Nb5+ Kb8 23. c5 Rxb5 24. Rxb5 Nxd4 25. Kf2 Kc7 26. Rb4 e5
27. Rc4 h5 28. b4 Ra8 29. Rd2 Ra3 30. Rb2 g5 31. b5 g4 32. c6 b6 33. Rd2 gxf3
34. gxf3 Rxf3+ 35. Kg2 Ra3 36. Rdxd4 exd4 37. Rxd4 Re3 38. Rf4 Re6 39. Kg3 Ne4+
40. Kf3 Nd6 41. Ra4 Nxb5 42. Rf4 Nd6 43. Rh4 Rf6+ 44. Ke2 Rf5 45. Rd4 Kxc6 46.
h4 Kc5 47. Ra4 b5 48. Ra7 Rf4 49. Rc7+ Kd5 50. Rc1 Rxh4 0-1

[Event "C.to Regionale Sardegna"]
[Site "Sardara ITA"]
[Date "2010.04.17"]
[Round "2"]
[White "Neri, Enzo"]
[Black "Palmas, Alessandro"]
[Result "1-0"]
[WhiteElo "2059"]
[BlackElo "1855"]
[PlyCount "113"]
[EventDate "2010.04.17"]

1. d4 Nf6 2. c4 c5 3. d5 e6 4. Nc3 exd5 5. cxd5 d6 6. e4 g6 7. Bd3 Bg7 8. Nge2
O-O 9. O-O Na6 10. h3 Nc7 11. a4 a6 12. a5 Bd7 13. Bf4 Qe7 14. Re1 Nh5 15. Bh2
f5 16. exf5 Bxc3 17. Nxc3 Qf6 18. g4 gxf5 19. gxh5 Kh8 20. Qf3 Be8 21. Kh1 Rd8
22. Rg1 Qd4 23. Qe3 Bf7 24. Qf3 f4 25. Rg5 c4 26. Bc2 Rg8 27. Qxf4 Qxf4 28.
Bxf4 Rxg5 29. Bxg5 Re8 30. Bf6+ Kg8 31. Rg1+ Kf8 32. Bg7+ Ke7 33. Re1+ Kd8 34.
Bf6+ Kc8 35. Bf5+ Kb8 36. Rxe8+ Nxe8 37. Bg5 Bxh5 38. Bxh7 Kc7 39. Kg2 b6 40.
axb6+ Kxb6 41. Be3+ Ka5 42. Bd4 Kb4 43. f4 Kb3 44. Nb1 Nc7 45. Nd2+ Kb4 46. Bg8
Nb5 47. Bg7 Bg6 48. Kf3 a5 49. Be6 a4 50. f5 Be8 51. Ne4 a3 52. bxa3+ Kxa3 53.
f6 c3 54. Nxc3 Nxc3 55. f7 Bxf7 56. Bxf7 Nb5 57. h4 1-0

[Event "C.to Regionale Sardegna"]
[Site "Sardara ITA"]
[Date "2010.04.17"]
[Round "2"]
[White "Pannella, Antonello"]
[Black "Setzu, Francesco"]
[Result "1/2-1/2"]
[WhiteElo "1507"]
[BlackElo "1760"]
[PlyCount "70"]
[EventDate "2010.04.17"]

1. c4 d6 2. Nc3 Nf6 3. e3 c6 4. d4 Bf5 5. Bd3 Bg6 6. e4 e5 7. d5 c5 8. Bg5 h6
9. Bh4 Be7 10. Qb3 b6 11. Nge2 Bh7 12. O-O g5 13. Bg3 Nh5 14. Qd1 Bg6 15. Nb5
Nf6 16. f3 Nh5 17. Qa4 Nd7 18. Qa6 Qb8 19. Be1 Nf4 20. Nxf4 exf4 21. Bc3 O-O
22. Rad1 f6 23. Rfe1 Ne5 24. Bxe5 fxe5 25. Qa4 a6 26. Nc3 Be8 27. Qc2 Bd7 28.
h3 Qe8 29. Rd2 Qf7 30. Kf2 Qh5 31. Ke2 Qe8 32. Kd1 Qb8 33. Rg1 Ra7 34. g4 Be8
35. Rh2 Qd8 1/2-1/2

[Event "C.to Regionale Sardegna"]
[Site "Sardara ITA"]
[Date "2010.04.17"]
[Round "2"]
[White "Peru, Mario"]
[Black "Maldarelli, Lorenzo"]
[Result "0-1"]
[WhiteElo "1659"]
[BlackElo "1800"]
[PlyCount "56"]
[EventDate "2010.04.17"]

1. e4 c5 2. Nf3 d6 3. d4 cxd4 4. Nxd4 Nf6 5. Nc3 a6 6. Be2 Nbd7 7. Be3 Qc7 8.
O-O b5 9. f4 b4 10. Nd5 Nxd5 11. exd5 Nf6 12. Bf3 Bb7 13. Nc6 e5 14. fxe5 dxe5
15. Nxb4 Bxb4 16. d6 Qd7 17. Qe2 Bxf3 18. Qxf3 O-O 19. Qg3 Bxd6 20. Rad1 Qe6
21. c4 Rac8 22. b3 Bc5 23. Bxc5 Rxc5 24. Qe3 Rc6 25. h3 Rd6 26. Qc5 Rfd8 27.
Rxd6 Rxd6 28. Qa7 e4 0-1